Mercado de capitales argentino (Registro nro. 17906)

Detalles MARC
000 -LEADER
fixed length control field 00315 a2200109 4500
001 - CONTROL NUMBER
control field ART_10388
005 - DATE AND TIME OF LATEST TRANSACTION
control field 20260410161732.0
008 - FIXED-LENGTH DATA ELEMENTS--GENERAL INFORMATION
fixed length control field 260409a
100 1# - MAIN ENTRY--PERSONAL NAME
Personal name Berardi, Jorge
245 10 - TITLE STATEMENT
Title Mercado de capitales argentino
773 0# - HOST ITEM ENTRY
Title Ejecutivos de finanzas
Related parts - Año 3, Nº 24 (dic. 1985)
Record control number REV2863

No hay ítems disponibles.